Statistiques concernant Mammifères à traduire (anglais → français)

Cliquez ici pour prendre le quiz!

Statistiques générales

  • Ce quiz a été pris 772 fois
    (458 depuis la dernière actualisation)
  • Le résultat moyen est 53 sur 120

Statistiques - réponses

AnglaisFrançais% Correct
CatChat
100%
DogChien
100%
HorseCheval
99%
PigPorc
98%
LeopardLéopard
97%
WolfLoup
97%
FoxRenard
97%
TigerTigre
97%
BearOurs
96%
SheepMouton
95%
MonkeySinge
94%
GoatChèvre
93%
DolphinDauphin
88%
MouseSouris
88%
GiraffeGirafe
87%
GorillaGorille
87%
RabbitLapin
87%
ZebraZèbre
87%
ChimpanzeeChimpanzé
84%
HumanÊtre humain
83%
HippopotamusHippopotame
83%
LlamaLama
82%
AntelopeAntilope
81%
BatChauve-souris
80%
WhaleBaleine
79%
HyenaHyène
79%
KangarooKangourou
79%
BelugaBélouga
78%
DonkeyÂne
77%
SquirrelÉcureuil
77%
LemurLémurien
77%
CamelChameau
76%
MarmotMarmotte
76%
DromedaryDromadaire
75%
AlpacaAlpaga
72%
OrangutanOrang-outan
72%
CougarPuma
72%
Sea lionOtarie
70%
MammothMammouth
69%
RaccoonRaton laveur
68%
BaboonBabouin
67%
Guinea pigCochon d'Inde
67%
NarwhalNarval
65%
DeerCerf
64%
FerretFuret
63%
GerbilGerbille
58%
YakYack
57%
BuffaloBuffle
56%
SealPhoque
56%
Tasmanian devilDiable de Tasmanie
50%
CheetahGuépard
50%
Killer whaleOrque
50%
JackalChacal
48%
CattleBovin
47%
WildcatChat sauvage
47%
Prairie dogChien de prairie
47%
MooseÉlan
47%
ReindeerRenne
46%
HedgehogHérisson
44%
OtterLoutre
44%
BobcatLynx roux
43%
BeaverCastor
39%
PorcupinePorc-épic
36%
HareLièvre
35%
WalrusMorse
34%
MongooseMangouste
29%
Wild boarSanglier
27%
MoleTaupe
27%
SlothParesseux
25%
Roe deerChevreuil
24%
EchidnaÉchidné
22%
PlatypusOrnithorynque
22%
BadgerBlaireau
21%
Sperm whaleCachalot
21%
Fallow deerDaim
19%
PolecatPutois
18%
WeaselBelette
17%
SkunkMouffette
17%
Wood mouseMulot
17%
ShrewMusaraigne
17%
MeerkatSuricate
17%
Saber-toothed catSmilodon
15%
WarthogPhacochère
14%
CivetCivette
13%
AnteaterFourmilier
13%
WolverineGlouton
13%
African wild dogLycaon
12%
PeccaryPécari
12%
MuskratRat musqué
12%
ChipmunkTamia
12%
WildebeestGnou
11%
GenetGenette
10%
MartenMartre
10%
CoypuRagondin
10%
ArmadilloTatou
10%
MinkVison
10%
Beech martenFouine
9%
StoatHermine
9%
PorpoiseMarsouin
8%
VicuñaVigogne
8%
BabirusaBabiroussa
7%
Pilot whaleGlobicéphale
7%
ElkWapiti
7%
IbexBouquetin
6%
JerboaGerboise
6%
ManateeLamantin
6%
MarmosetOuistiti
6%
Fruit batRoussette
6%
VoleCampagnol
5%
ColobusColobe
5%
DormouseLoir
5%
MuskoxBœuf musqué
4%
SableZibeline
4%
AardvarkOryctérope
3%
HyraxDaman
2%
DeguOctodon
2%
GliderPhalanger
2%
AardwolfProtèle
2%
GopherGaufre
1%
TreeshrewToupaye
1%

Distribution des résultats

Percentile par nombre de réponses

% des personnes avec chaque résultat

Votre développement - résultats

Vous n’avez pas pris ce quiz depuis la dernière actualisation